000 00358nam a2200145Ia 4500
008 191201s2009 xx 000 0 und d
082 _a005.1
_bBES
100 _aBEHFOROOZ,Ali
245 0 _aSoftware Engineering Fundamantals
250 _aIMP
260 _aN.Delhi
_bOxford Universty Press
_c2009
300 _a661
650 _aB.Tech(IT)
942 _2ddc
_cBK
999 _c4356
_d4356